An introduction to programming using Visual Basic 2012 / (Record no. 17572)
[ view plain ]
| 000 -LEADER | |
|---|---|
| fixed length control field | 00833cam a2200241 i 4500 |
| 001 - CONTROL NUMBER | |
| control field | 17592354 |
| 005 - DATE AND TIME OF LATEST TRANSACTION | |
| control field | 20161208110640.0 |
| 008 - FIXED-LENGTH DATA ELEMENTS--GENERAL INFORMATION | |
| fixed length control field | 130116s2014 maua b 001 0 eng |
| 010 ## - LIBRARY OF CONGRESS CONTROL NUMBER | |
| LC control number | 2012051586 |
| 020 ## - INTERNATIONAL STANDARD BOOK NUMBER | |
| International Standard Book Number | 0273793349 |
| 020 ## - INTERNATIONAL STANDARD BOOK NUMBER | |
| International Standard Book Number | 9780273793342 |
| 082 00 - DEWEY DECIMAL CLASSIFICATION NUMBER | |
| Classification number | 005.268 |
| Edition number | 23 |
| Item number | SCH |
| 100 1# - MAIN ENTRY--PERSONAL NAME | |
| 9 (RLIN) | 33810 |
| Personal name | Schneider, David I. |
| Relator term | author. |
| 245 13 - TITLE STATEMENT | |
| Title | An introduction to programming using Visual Basic 2012 / |
| Statement of responsibility, etc | David I. Schneider. |
| 250 ## - EDITION STATEMENT | |
| Edition statement | Ninth edition. |
| 300 ## - PHYSICAL DESCRIPTION | |
| Extent | xxi, 684 pages : |
| Other physical details | illustrations (chiefly color) ; |
| Dimensions | 28 cm |
| 500 ## - GENERAL NOTE | |
| General note | Revision of: Introduction to programming using Visual Basic 2010. c2011. |
| 504 ## - BIBLIOGRAPHY, ETC. NOTE | |
| Bibliography, etc | Includes bibliographical references and index. |
| 630 00 - SUBJECT ADDED ENTRY--UNIFORM TITLE | |
| Uniform title | Visual Basic. |
| 9 (RLIN) | 27410 |
| 650 #0 - SUBJECT ADDED ENTRY--TOPICAL TERM | |
| Topical term or geographic name as entry element | BASIC (Computer program language) |
| 9 (RLIN) | 33811 |
| 653 ## - INDEX TERM--UNCONTROLLED | |
| Resource For college | |
| Arrived date list | September2012 |
| 942 ## - ADDED ENTRY ELEMENTS (KOHA) | |
| Source of classification or shelving scheme | Dewey Decimal Classification |
| Item type | Book - Borrowing |
| Withdrawn status | Item status | Source of classification or shelving scheme | Damaged status | Not for loan | Vendor | Home library | Current library | Shelving location | Date acquired | Source of acquisition | Total Checkouts | Total Renewals | Full call number | Barcode | Date last seen | Date last borrowed | Koha item type |
|---|---|---|---|---|---|---|---|---|---|---|---|---|---|---|---|---|---|
| Dewey Decimal Classification | Baccah | Central Library | Central Library | Lower Floor | 30/09/2013 | 2 | 4 | 005.268 SCH | 000029106 | 15/07/2025 | 24/09/2016 | Book - Borrowing | |||||
| Dewey Decimal Classification | Baccah | Central Library | Central Library | Lower Floor | 30/09/2013 | 005.268 SCH | 000029107 | 15/07/2025 | Book - Borrowing | ||||||||
| Dewey Decimal Classification | Baccah | Central Library | Central Library | Lower Floor | 30/09/2013 | 2 | 3 | 005.268 SCH | 000029108 | 15/07/2025 | 18/10/2016 | Book - Borrowing |